[Event "Hunan Belt and Road Open 2019"]
[Site "Hunan"]
[Date "2019.07.30"]
[Round "2.27"]
[White "Gusain, Himal"]
[Black "Megaranto, Susanto"]
[Result "1/2-1/2"]
[WhiteElo "2407"]
[BlackElo "2545"]
[Annotator "ChessBase"]
[PlyCount "125"]
[EventDate "2019.07.29"]
[EventType "swiss"]
[EventCountry "CHN"]
[SourceTitle "playchess.com"]
[Source "ChessBase"]
[SourceQuality "1"]
[TimeControl "5400+30"]

1. Nf3 {[%emt 0:00:00]} Nf6 {[%emt 0:00:05]} 2. d4 {[%emt 0:00:00]} d5 {[%emt 0:01:18]} 3. c4 {[%emt 0:00:03]} dxc4 {[%emt 0:00:18]} 4. e3 {[%emt 0:00:36]} a6 {[%emt 0:00:15]} 5. Bxc4 {[%emt 0:01:35]} e6 {[%emt 0:01:05]} 6. O-O {[%emt 0:00:31]} b5 {[%emt 0:02:14]} 7. Bd3 {[%emt 0:04:41]} Bb7 {[%emt 0:00:06]} 8. Qe2 {[%emt 0:01:07]} Nbd7 {[%emt 0:16:29]} 9. Rd1 {[%emt 0:01:36]} c5 {[%emt 0:01:18]} 10. dxc5 {[%emt 0:00:40]} Bxc5 {[%emt 0:00:21]} 11. a3 {[%emt 0:00:08]} Qc7 {[%emt 0:02:29]} 12. b4 {[%emt 0:00:42]} Bd6 {[%emt 0:03:36]} 13. Bb2 {[%emt 0:00:17]} O-O {[%emt 0:01:52]} 14. Nbd2 {[%emt 0:02:04]} Rac8 {[%emt 0:00:51]} 15. h3 {[%emt 0:02:40]} Ne5 16. Nxe5 {[%emt 0:00:47]} Bxe5 {[%emt 0:00:18]} 17. Bxe5 {[%emt 0:00:11]} Qxe5 {[%emt 0:04:08]} 18. Nf3 {[%emt 0:04:33]} Bxf3 {[%emt 0:00:08]} 19. Qxf3 {[%emt 0:02:03]} Rfd8 20. Bf1 {[%emt 0:10:33]} Qb2 {[%emt 0:05:56]} 21. Qe2 {[%emt 0:05:27]} Qb3 {[%emt 0:01:29]} 22. a4 {[%emt 0:00:00]} Qxb4 {[%emt 0:17:12]} 23. axb5 {[%emt 0:01:13]} axb5 {[%emt 0:00:18]} 24. Qxb5 {[%emt 0:00:00]} Qxb5 {[%emt 0:00:11]} 25. Bxb5 {[%emt 0:00:00]} g5 {[%emt 0:00:37]} 26. Rxd8+ {[%emt 0:00:00]} Rxd8 {[%emt 0:00:06]} 27. Bc6 {[%emt 0:00:00]} Rd2 {[%emt 0:00:31]} 28. g4 {[%emt 0:00:00]} Kg7 {[%emt 0:00:35]} 29. Bf3 {[%emt 0:00:51]} Nd7 {[%emt 0:00:43]} 30. Kg2 {[%emt 0:01:14]} Ne5 {[%emt 0:01:00]} 31. Be4 {[%emt 0:02:21]} h6 {[%emt 0:00:44]} 32. Rc1 {[%emt 0:00:38]} Rb2 {[%emt 0:00:15]} 33. Rb1 {[%emt 0:02:41]} Rd2 {[%emt 0:00:29]} 34. Kg3 {[%emt 0:00:53]} Ra2 {[%emt 0:00:22]} 35. Rb5 {[%emt 0:02:51]} Kf6 {[%emt 0:00:36]} 36. Rb4 {[%emt 0:01:19]} Ra3 {[%emt 0:00:44]} 37. Kg2 {[%emt 0:00:42]} Rc3 {[%emt 0:00:12]} 38. Kg3 {[%emt 0:00:30]} Rc4 {[%emt 0:00:12]} 39. Rxc4 {[%emt 0:00:12]} Nxc4 {[%emt 0:00:03]} 40. h4 {[%emt 0:00:18]} Ke5 {[%emt 0:01:12]} 41. Bd3 {[%emt 0:00:52]} Nd6 {[%emt 0:00:13]} 42. hxg5 {[%emt 0:00:58]} hxg5 {[%emt 0:00:07]} 43. f3 {[%emt 0:02:43]} f6 {[%emt 0:00:18]} 44. Kf2 {[%emt 0:01:32]} Kd5 {[%emt 0:00:10]} 45. Ke2 {[%emt 0:00:30]} Kc5 {[%emt 0:00:44]} 46. Bb1 {[%emt 0:00:18]} e5 {[%emt 0:00:31]} 47. Ba2 {[%emt 0:02:00]} e4 {[%emt 0:01:37]} 48. fxe4 {[%emt 0:00:16]} Nxe4 {[%emt 0:00:57]} 49. Be6 {[%emt 0:00:16]} Kb4 {[%emt 0:04:39]} 50. Bf7 {[%emt 0:00:43]} Kc3 {[%emt 0:01:34]} 51. Be6 {[%emt 0:00:12]} Nc5 {[%emt 0:00:37]} 52. Bf5 {[%emt 0:00:41]} Nb7 {[%emt 0:01:09]} 53. Be4 {[%emt 0:00:31]} Nc5 {[%emt 0:02:06]} 54. Bf5 {[%emt 0:00:07]} Kc4 {[%emt 0:00:08]} 55. Kd2 {[%emt 0:01:02]} Kd5 {[%emt 0:00:06]} 56. Ke2 {[%emt 0:01:39]} Ke5 {[%emt 0:00:05]} 57. Bc8 {[%emt 0:01:11]} Ne4 {[%emt 0:00:17]} 58. Kd3 {[%emt 0:00:15]} Nd6 {[%emt 0:00:10]} 59. Bd7 {[%emt 0:00:09]} Kd5 {[%emt 0:00:07]} 60. Ke2 {[%emt 0:00:31]} Nf7 {[%emt 0:00:10]} 61. Bf5 {[%emt 0:00:28]} Ne5 {[%emt 0:00:26]} 62. Kd2 {[%emt 0:00:07]} Nf7 {[%emt 0:03:00]} 63. Kd3 {[%emt 0:00:18]} 1/2-1/2

[Event "Hunan Belt and Road Open 2019"]
[Site "Hunan"]
[Date "2019.07.30"]
[Round "2.28"]
[White "Batchuluun, Tsegmed"]
[Black "Xu, Minghui"]
[Result "1-0"]
[WhiteElo "2535"]
[BlackElo "2401"]
[Annotator "ChessBase"]
[PlyCount "93"]
[EventDate "2019.07.29"]
[EventType "swiss"]
[EventCountry "CHN"]
[SourceTitle "playchess.com"]
[Source "ChessBase"]
[SourceQuality "1"]
[TimeControl "5400+30"]

1. d4 {[%emt 0:00:08]} d5 {[%emt 0:00:00]} 2. c4 {[%emt 0:00:28]} e6 {[%emt 0:00:12]} 3. Nf3 {[%emt 0:00:00]} Nf6 4. Nc3 {[%emt 0:04:21]} c6 {[%emt 0:00:40]} 5. Bg5 {[%emt 0:00:34]} Nbd7 {[%emt 0:00:35]} 6. e3 {[%emt 0:00:00]} Qa5 {[%emt 0:03:40]} 7. Nd2 {[%emt 0:00:00]} Bb4 {[%emt 0:00:41]} 8. Qc2 {[%emt 0:00:00]} O-O {[%emt 0:01:51]} 9. Be2 {[%emt 0:00:00]} c5 {[%emt 0:00:21]} 10. O-O {[%emt 0:00:00]} cxd4 {[%emt 0:03:00]} 11. Nb3 {[%emt 0:00:00]} Qb6 {[%emt 0:15:46]} 12. Bxf6 {[%emt 0:00:09]} dxc3 {[%emt 0:04:29]} 13. Bxc3 {[%emt 0:05:44]} Bxc3 {[%emt 0:02:44]} 14. Qxc3 {[%emt 0:00:16]} dxc4 {[%emt 0:00:10]} 15. Nd2 {[%emt 0:14:28]} Qc5 {[%emt 0:42:31]} 16. Qxc4 {[%emt 0:30:23]} b6 {[%emt 0:02:22]} 17. Bf3 {[%emt 0:03:56]} Rb8 {[%emt 0:01:28]} 18. Rfc1 {[%emt 0:12:26]} Qxc4 {[%emt 0:06:26]} 19. Rxc4 {[%emt 0:05:08]} Rd8 {[%emt 0:00:43]} 20. Rc7 {[%emt 0:07:58]} Nc5 {[%emt 0:03:18]} 21. Ne4 {[%emt 0:00:21]} Rd7 {[%emt 0:00:43]} 22. Rxd7 {[%emt 0:00:45]} Bxd7 {[%emt 0:00:06]} 23. Nxc5 {[%emt 0:00:06]} bxc5 {[%emt 0:00:04]} 24. b3 {[%emt 0:00:25]} Kf8 {[%emt 0:00:54]} 25. Rc1 {[%emt 0:00:44]} Rc8 {[%emt 0:00:55]} 26. Kf1 {[%emt 0:01:42]} g5 {[%emt 0:00:28]} 27. Bb7 {[%emt 0:00:32]} Bb5+ {[%emt 0:00:59]} 28. Ke1 {[%emt 0:00:05]} Rc7 {[%emt 0:00:03]} 29. Be4 {[%emt 0:00:16]} f5 {[%emt 0:00:41]} 30. Bf3 {[%emt 0:00:09]} Ke7 {[%emt 0:00:10]} 31. Be2 {[%emt 0:00:07]} Bd7 {[%emt 0:01:12]} 32. f4 {[%emt 0:00:10]} h6 {[%emt 0:00:25]} 33. g3 {[%emt 0:02:47]} a5 {[%emt 0:02:02]} 34. Kd2 {[%emt 0:00:40]} e5 {[%emt 0:03:14]} 35. Kc3 {[%emt 0:02:03]} exf4 {[%emt 0:01:09]} 36. exf4 {[%emt 0:00:04]} Rb7 {[%emt 0:00:19]} 37. Re1 {[%emt 0:00:25]} Kd6 {[%emt 0:00:28]} 38. Rd1+ {[%emt 0:00:17]} Ke6 {[%emt 0:01:28]} 39. Bc4+ {[%emt 0:00:17]} Ke7 {[%emt 0:00:04]} 40. Rd5 {[%emt 0:01:04]} gxf4 {[%emt 0:00:31]} 41. gxf4 {[%emt 0:00:04]} Rc7 {[%emt 0:00:03]} 42. Bd3 {[%emt 0:00:27]} Be6 {[%emt 0:00:49]} 43. Re5 {[%emt 0:00:32]} Kf6 {[%emt 0:00:25]} 44. Bc4 {[%emt 0:00:34]} Bd7 {[%emt 0:00:10]} 45. Bd5 {[%emt 0:04:22]} Bc8 {[%emt 0:01:50]} 46. Re8 {[%emt 0:00:13]} Bd7 {[%emt 0:01:55]} 47. Ra8 {[%emt 0:00:12]} 1-0

[Event "Hunan Belt and Road Open 2019"]
[Site "Hunan"]
[Date "2019.07.30"]
[Round "2.29"]
[White "Chen, Qi b"]
[Black "Zhao, Zong-Yuan"]
[Result "0-1"]
[WhiteElo "2414"]
[BlackElo "2529"]
[Annotator "ChessBase"]
[PlyCount "46"]
[EventDate "2019.07.29"]
[EventType "swiss"]
[EventCountry "CHN"]
[SourceTitle "playchess.com"]
[Source "ChessBase"]
[SourceQuality "1"]
[TimeControl "5400+30"]

1. e4 {[%emt 0:00:00]} c5 {[%emt 0:00:08]} 2. Nf3 {[%emt 0:00:00]} d6 {[%emt 0:00:11]} 3. d4 {[%emt 0:01:34]} cxd4 {[%emt 0:00:11]} 4. Nxd4 {[%emt 0:00:04]} Nf6 {[%emt 0:00:07]} 5. Nc3 {[%emt 0:00:03]} Nc6 {[%emt 0:00:06]} 6. Bg5 {[%emt 0:02:46]} e6 {[%emt 0:00:16]} 7. Qd2 {[%emt 0:00:08]} a6 {[%emt 0:00:15]} 8. Nxc6 {[%emt 0:01:47]} bxc6 {[%emt 0:00:08]} 9. O-O-O {[%emt 0:00:09]} d5 {[%emt 0:01:10]} 10. Bc4 {[%emt 0:10:13]} Be7 {[%emt 0:11:33]} 11. Bxf6 {[%emt 0:25:09]} Bxf6 {[%emt 0:03:05]} 12. Bb3 {[%emt 0:06:58]} O-O {[%emt 0:01:40]} 13. Kb1 {[%emt 0:00:26]} Rb8 {[%emt 0:10:13]} 14. f4 {[%emt 0:04:45]} Qc7 {[%emt 0:05:52]} 15. Rhf1 {[%emt 0:06:57]} a5 {[%emt 0:10:23]} 16. g4 {[%emt 0:05:28]} Ba6 {[%emt 0:01:31]} 17. g5 {[%emt 0:00:50]} Bxc3 {[%emt 0:06:04]} 18. Qxc3 {[%emt 0:00:04]} Bxf1 {[%emt 0:00:09]} 19. Rxf1 {[%emt 0:00:04]} Rb4 {[%emt 0:07:58]} 20. exd5 {[%emt 0:07:03]} Rxf4 {[%emt 0:00:38]} 21. Rd1 {[%emt 0:00:11]} Rd8 {[%emt 0:02:34]} 22. a3 {[%emt 0:00:35]} a4 {[%emt 0:01:46]} 23. Ba2 {[%emt 0:00:07]} Qd6 {[%emt 0:00:57]} 0-1

[Event "Hunan Belt and Road Open 2019"]
[Site "Hunan"]
[Date "2019.07.30"]
[Round "2.30"]
[White "Liu, Yan"]
[Black "Gan-Erdene, Sugar"]
[Result "1-0"]
[WhiteElo "2516"]
[BlackElo "2408"]
[Annotator "ChessBase"]
[PlyCount "135"]
[EventDate "2019.07.29"]
[EventType "swiss"]
[EventCountry "CHN"]
[SourceTitle "playchess.com"]
[Source "ChessBase"]
[SourceQuality "1"]
[TimeControl "5400+30"]

1. Nf3 {[%emt 0:00:00]} Nf6 {[%emt 0:00:00]} 2. c4 {[%emt 0:00:48]} g6 {[%emt 0:00:00]} 3. g3 {[%emt 0:01:19]} Bg7 {[%emt 0:00:08]} 4. Bg2 {[%emt 0:00:24]} O-O {[%emt 0:00:20]} 5. d4 {[%emt 0:01:37]} d6 {[%emt 0:00:27]} 6. O-O {[%emt 0:00:41]} Nc6 {[%emt 0:00:49]} 7. Nc3 {[%emt 0:00:55]} a6 {[%emt 0:02:00]} 8. Bf4 {[%emt 0:09:08]} Bf5 {[%emt 0:07:54]} 9. d5 {[%emt 0:04:02]} Na5 {[%emt 0:04:03]} 10. b3 {[%emt 0:00:12]} c5 {[%emt 0:13:18]} 11. dxc6 {[%emt 0:00:30]} Nxc6 {[%emt 0:00:38]} 12. Rc1 {[%emt 0:00:38]} Qa5 {[%emt 0:04:35]} 13. Na4 {[%emt 0:19:34]} b5 {[%emt 0:21:25]} 14. Bd2 {[%emt 0:09:35]} Qd8 {[%emt 0:01:59]} 15. Nb2 {[%emt 0:07:25]} Rc8 {[%emt 0:04:33]} 16. Nd3 {[%emt 0:02:27]} bxc4 {[%emt 0:05:49]} 17. Rxc4 {[%emt 0:01:22]} e5 {[%emt 0:06:41]} 18. Nb4 {[%emt 0:07:02]} Nb8 {[%emt 0:02:49]} 19. Rxc8 {[%emt 0:01:38]} Qxc8 {[%emt 0:01:20]} 20. Bg5 {[%emt 0:00:11]} Qc5 {[%emt 0:02:31]} 21. Bxf6 {[%emt 0:01:09]} Bxf6 {[%emt 0:00:50]} 22. Nd5 {[%emt 0:00:11]} Bd8 {[%emt 0:04:35]} 23. Nd2 {[%emt 0:00:44]} Kg7 {[%emt 0:06:07]} 24. Ne3 {[%emt 0:12:26]} Be7 {[%emt 0:06:46]} 25. Nxf5+ {[%emt 0:00:49]} gxf5 {[%emt 0:00:05]} 26. Nc4 {[%emt 0:00:24]} f4 {[%emt 0:01:19]} 27. gxf4 {[%emt 0:02:58]} exf4 {[%emt 0:00:18]} 28. Qd2 {[%emt 0:01:31]} Qg5 {[%emt 0:00:35]} 29. Kh1 {[%emt 0:00:17]} Qf6 {[%emt 0:00:47]} 30. Nb6 {[%emt 0:05:33]} Qe5 {[%emt 0:00:42]} 31. Bf3 {[%emt 0:00:23]} Kh8 {[%emt 0:00:20]} 32. Rg1 {[%emt 0:03:51]} Rg8 {[%emt 0:00:35]} 33. Qc1 {[%emt 0:01:17]} Rxg1+ {[%emt 0:01:00]} 34. Kxg1 {[%emt 0:00:09]} Qc5 {[%emt 0:00:57]} 35. Qxc5 {[%emt 0:03:42]} dxc5 {[%emt 0:00:04]} 36. Kg2 {[%emt 0:00:11]} Kg7 {[%emt 0:00:25]} 37. Be4 {[%emt 0:00:25]} Bd6 {[%emt 0:00:38]} 38. Kf3 {[%emt 0:00:18]} a5 {[%emt 0:00:55]} 39. Nd5 {[%emt 0:02:27]} Nc6 {[%emt 0:00:16]} 40. Nxf4 {[%emt 0:00:19]} Nd4+ {[%emt 0:00:37]} 41. Ke3 {[%emt 0:00:16]} Bxf4+ {[%emt 0:00:30]} 42. Kxf4 {[%emt 0:00:03]} Nxe2+ {[%emt 0:00:07]} 43. Ke5 {[%emt 0:00:38]} Nc3 {[%emt 0:00:17]} 44. a4 {[%emt 0:01:49]} f6+ {[%emt 0:00:23]} 45. Kf5 {[%emt 0:00:17]} Kf7 {[%emt 0:01:17]} 46. Bd3 {[%emt 0:00:11]} Nd1 {[%emt 0:00:26]} 47. f3 {[%emt 0:00:36]} Nc3 {[%emt 0:00:29]} 48. h4 {[%emt 0:00:20]} Ke7 {[%emt 0:00:41]} 49. Kg4 {[%emt 0:00:17]} Kf7 {[%emt 0:00:36]} 50. Bxh7 {[%emt 0:00:28]} c4 {[%emt 0:00:27]} 51. bxc4 {[%emt 0:00:40]} Nxa4 {[%emt 0:00:00]} 52. Kf4 {[%emt 0:00:11]} Kg7 {[%emt 0:00:55]} 53. Bc2 {[%emt 0:00:39]} Nc5 {[%emt 0:00:08]} 54. Ke3 {[%emt 0:00:04]} a4 {[%emt 0:00:59]} 55. Kd4 {[%emt 0:00:14]} a3 {[%emt 0:00:06]} 56. Bb1 {[%emt 0:00:17]} Na6 {[%emt 0:00:43]} 57. Kc3 {[%emt 0:01:38]} Kh6 {[%emt 0:00:08]} 58. Kb3 {[%emt 0:00:12]} Kh5 {[%emt 0:00:19]} 59. Kxa3 {[%emt 0:00:05]} Kxh4 {[%emt 0:00:18]} 60. Ka4 {[%emt 0:00:18]} Kg3 {[%emt 0:00:24]} 61. Kb5 {[%emt 0:00:28]} Nc7+ {[%emt 0:00:40]} 62. Kb6 {[%emt 0:00:13]} Ne6 {[%emt 0:00:20]} 63. Be4 {[%emt 0:00:21]} Kf4 {[%emt 0:00:58]} 64. Bd5 {[%emt 0:00:28]} Nd4 {[%emt 0:00:43]} 65. c5 {[%emt 0:00:13]} Ke5 {[%emt 0:00:27]} 66. c6 {[%emt 0:00:37]} Kxd5 {[%emt 0:00:41]} 67. c7 {[%emt 0:00:04]} Nxf3 {[%emt 0:00:07]} 68. c8=Q {[%emt 0:00:04]} 1-0

[Event "Hunan Belt and Road Open 2019"]
[Site "Hunan"]
[Date "2019.07.30"]
[Round "2.31"]
[White "Adhiban, B.."]
[Black "Zhu, Jiner"]
[Result "1/2-1/2"]
[WhiteElo "2665"]
[BlackElo "2454"]
[Annotator "TA"]
[PlyCount "80"]
[EventDate "2019.07.29"]
[EventType "swiss"]
[EventCountry "CHN"]
[SourceTitle "playchess.com"]
[Source "ChessBase"]
[SourceQuality "1"]

{[%evp 26,80,18,19,29,0,43,13,31,29,91,95,171,169,151,0,75,8,167,181,197,95,105,112,87,0,0,0,0,0,0,-75,-77,-66,-69,-95,-10,-122,-113,-143,-122,-111,-36,-53,0,-8,-8,-32,-58,-49,0,0,0,-58,0,0,0]} 1. d4 Nf6 2. c4 e6 3. Nc3 Bb4 4. e3 d5 5. a3 Bxc3+ 6. bxc3 O-O 7. cxd5 exd5 8. Bd3 b6 9. Ne2 Ba6 10. O-O Bxd3 11. Qxd3 c5 12. f3 Re8 13. Ng3 Nc6 14. Bb2 h5 {E49: Nimzo-Indian: Rubinstein: 5 Bd3 d5 6 a3 Bxc3+ 7 bxc3} 15. Rae1 g6 16. Nh1 {[#]} Qe7 $146 ({Predecessor:} 16... Rc8 17. Nf2 Qc7 18. Re2 cxd4 19. cxd4 Nd8 20. Rc1 Qd7 21. Rxc8 Qxc8 22. e4 {1-0 (53) Berkes,F (2668)-Kovacevic,A (2512) Hungary 2014}) 17. e4 dxe4 (17... Rac8 $11) 18. fxe4 $16 Nxe4 (18... Nh7 $16) 19. Ng3 $18 {[%cal Re1e4]} f5 {[#]} 20. Qc4+ $2 (20. Nxf5 $1 $16 {[%mdl 512]} gxf5 21. Rxf5) 20... Kg7 {[#]} (20... Qe6 $11 {keeps the balance.} 21. Qxe6+ Rxe6) 21. Rxf5 $1 {[%mdl 512]} Qc7 $2 (21... Qd7 $11 22. Rd5 Qg4 23. Nxe4 Rxe4 24. Rd7+ Qxd7 25. Rxe4 Re8) (21... gxf5 22. Nxf5+) 22. Nxh5+ $1 gxh5 {[#]} 23. dxc5 (23. Qd3 $1 $18 {is more deadly.}) 23... Kg6 ({Don't blunder} 23... Nxc5 $2 24. Rxe8 Rxe8 25. Qh4 $18) 24. Ref1 {Strongly threatening Qe2.} Qd7 25. Qe2 (25. R5f4 $16 b5 26. Qe2) 25... Qxf5 $11 26. Rxf5 Kxf5 27. Qxh5+ Ke6 28. c4 (28. Qh3+ $11 Ke7 29. Qh7+ Kd8 30. cxb6 axb6 31. Qb7 {[%mdl 64] Double Attack}) 28... Kd7 $17 29. cxb6 axb6 30. h4 Kc7 ({Black should try} 30... Ra5 $17 31. Qg4+ Re6) 31. Qf7+ (31. Qg4 $1 $11) 31... Re7 32. Qf4+ Kb7 33. h5 {[#]} Nc5 (33... Rd8 $1 $17 34. h6 Rd1+ 35. Kh2 Nd2) 34. Qf5 Re2 (34... Nd7 $15) 35. Bg7 Rxa3 {With the idea ...Rg3.} 36. Qf7+ Re7 37. Qg6 Re6 38. Qf7+ Re7 39. Qg6 {Threatening h6.} Re6 ({Black should play} 39... Rd3 $15 40. h6 Rdd7) 40. Qf7+ $11 Re7 {Accuracy: White = 36%, Black = 21%.} 1/2-1/2

[Event "Hunan Belt and Road Open 2019"]
[Site "Hunan"]
[Date "2019.07.30"]
[Round "2.32"]
[White "Yeoh, Li Tian"]
[Black "Liu, Guanchu"]
[Result "1-0"]
[WhiteElo "2528"]
[BlackElo "2449"]
[Annotator "ChessBase"]
[PlyCount "49"]
[EventDate "2019.07.29"]
[EventType "swiss"]
[EventCountry "CHN"]
[SourceTitle "playchess.com"]
[Source "ChessBase"]
[SourceQuality "1"]
[TimeControl "5400+30"]

1. e4 {[%emt 0:00:00]} c5 {[%emt 0:00:03]} 2. c3 {[%emt 0:00:00]} Nf6 {[%emt 0:00:17]} 3. e5 {[%emt 0:00:01]} Nd5 {[%emt 0:00:11]} 4. Nf3 {[%emt 0:00:07]} e6 {[%emt 0:00:11]} 5. Bc4 {[%emt 0:02:13]} d6 {[%emt 0:01:47]} 6. d4 {[%emt 0:03:53]} cxd4 {[%emt 0:00:56]} 7. cxd4 {[%emt 0:00:10]} Be7 {[%emt 0:01:33]} 8. O-O {[%emt 0:00:20]} O-O {[%emt 0:00:25]} 9. Qe2 {[%emt 0:01:09]} Nc6 {[%emt 0:01:21]} 10. Nc3 {[%emt 0:00:40]} Nxc3 {[%emt 0:02:07]} 11. bxc3 {[%emt 0:00:09]} dxe5 {[%emt 0:00:22]} 12. dxe5 {[%emt 0:00:10]} b6 {[%emt 0:00:29]} 13. Qe4 {[%emt 0:18:06]} Qc7 {[%emt 0:06:07]} 14. Bg5 {[%emt 0:01:23]} Bb7 {[%emt 0:12:47]} 15. Bd3 {[%emt 0:02:16]} g6 {[%emt 0:00:19]} 16. Qh4 {[%emt 0:00:21]} Rfe8 {[%emt 0:22:24]} 17. Rae1 {[%emt 0:17:20]} Bf8 {[%emt 0:08:37]} 18. Re3 {[%emt 0:06:37]} Ne7 {[%emt 0:05:17]} 19. Nd4 {[%emt 0:02:02]} Nf5 {[%emt 0:00:27]} 20. Bxf5 {[%emt 0:07:44]} exf5 {[%emt 0:00:08]} 21. Bf6 {[%emt 0:00:07]} h5 {[%emt 0:04:43]} 22. Rfe1 {[%emt 0:08:42]} Bh6 {[%emt 0:08:37]} 23. Nxf5 {[%emt 0:08:07]} Bxe3 {[%emt 0:04:46]} 24. Rxe3 {[%emt 0:00:06]} Qc6 {[%emt 0:03:43]} 25. f3 {[%emt 0:02:32]} 1-0

[Event "Hunan Belt and Road Open 2019"]
[Site "Hunan"]
[Date "2019.07.30"]
[Round "2.33"]
[White "Lei, Tingjie"]
[Black "Munkhgal, Gombosuren"]
[Result "1-0"]
[WhiteElo "2505"]
[BlackElo "2442"]
[Annotator "ChessBase"]
[PlyCount "83"]
[EventDate "2019.07.29"]
[EventType "swiss"]
[EventCountry "CHN"]
[SourceTitle "playchess.com"]
[Source "ChessBase"]
[SourceQuality "1"]
[TimeControl "5400+30"]

1. e4 {[%emt 0:00:00]} e6 {[%emt 0:00:00]} 2. d4 {[%emt 0:00:00]} d5 {[%emt 0:00:00]} 3. Nc3 {[%emt 0:00:00]} Nf6 {[%emt 0:00:15]} 4. e5 {[%emt 0:00:30]} Nfd7 {[%emt 0:00:06]} 5. f4 {[%emt 0:00:12]} c5 {[%emt 0:00:08]} 6. Nf3 {[%emt 0:00:03]} Nc6 {[%emt 0:00:06]} 7. Be3 {[%emt 0:00:06]} a6 {[%emt 0:00:07]} 8. Qd2 {[%emt 0:00:09]} b5 {[%emt 0:00:21]} 9. Bd3 {[%emt 0:00:18]} Qb6 {[%emt 0:03:54]} 10. Qf2 {[%emt 0:00:11]} Bb7 {[%emt 0:02:47]} 11. O-O {[%emt 0:02:25]} cxd4 {[%emt 0:00:31]} 12. Nxd4 {[%emt 0:00:13]} Nxd4 {[%emt 0:00:06]} 13. Bxd4 {[%emt 0:00:11]} Qxd4 {[%emt 0:00:33]} 14. Qxd4 {[%emt 0:00:28]} Bc5 {[%emt 0:00:12]} 15. Ne2 {[%emt 0:00:29]} Bxd4+ {[%emt 0:01:28]} 16. Nxd4 {[%emt 0:00:05]} g6 {[%emt 0:00:35]} 17. a4 {[%emt 0:10:02]} b4 {[%emt 0:04:00]} 18. a5 {[%emt 0:00:11]} Nc5 {[%emt 0:00:18]} 19. Kf2 {[%emt 0:03:27]} Ke7 {[%emt 0:08:20]} 20. Ke3 {[%emt 0:00:52]} Rac8 {[%emt 0:01:01]} 21. g3 {[%emt 0:00:54]} Rc7 {[%emt 0:02:34]} 22. Nb3 {[%emt 0:10:33]} Rb8 {[%emt 0:06:26]} 23. Nxc5 {[%emt 0:10:18]} Rxc5 {[%emt 0:00:06]} 24. Kd4 {[%emt 0:00:06]} Rc7 {[%emt 0:02:27]} 25. g4 {[%emt 0:01:30]} Bc8 {[%emt 0:02:21]} 26. Rf2 {[%emt 0:06:23]} h6 {[%emt 0:27:14]} 27. Raf1 {[%emt 0:21:43]} b3 {[%emt 0:04:53]} 28. c3 {[%emt 0:00:21]} Bd7 {[%emt 0:00:04]} 29. f5 {[%emt 0:05:06]} gxf5 {[%emt 0:03:57]} 30. gxf5 {[%emt 0:00:03]} Rg8 {[%emt 0:08:22]} 31. fxe6 {[%emt 0:11:51]} Bxe6 {[%emt 0:01:02]} 32. Bf5 {[%emt 0:00:11]} Rg7 {[%emt 0:15:38]} 33. Bxe6 {[%emt 0:00:05]} fxe6 {[%emt 0:00:04]} 34. Rf8 {[%emt 0:00:15]} Rg4+ {[%emt 0:00:33]} 35. Kd3 {[%emt 0:00:21]} Kd7 {[%emt 0:00:13]} 36. Rb8 {[%emt 0:05:38]} Ke7 {[%emt 0:00:11]} 37. Rh8 {[%emt 0:03:31]} Kd7 {[%emt 0:01:09]} 38. Rxh6 {[%emt 0:04:16]} Rg7 {[%emt 0:03:16]} 39. Rf8 {[%emt 0:01:19]} Rb7 {[%emt 0:03:40]} 40. Ra8 {[%emt 0:00:17]} Rg2 {[%emt 0:00:21]} 41. Rh7+ {[%emt 0:00:20]} Kc6 {[%emt 0:00:07]} 42. Rc8+ {[%emt 0:00:23]} 1-0

[Event "Hunan Belt and Road Open 2019"]
[Site "Hunan"]
[Date "2019.07.30"]
[Round "2.34"]
[White "Fang, Yuxiang"]
[Black "Wang, Yiye"]
[Result "1/2-1/2"]
[WhiteElo "2476"]
[BlackElo "2440"]
[Annotator "ChessBase"]
[PlyCount "40"]
[EventDate "2019.07.29"]
[EventType "swiss"]
[EventCountry "CHN"]
[SourceTitle "playchess.com"]
[Source "ChessBase"]
[SourceQuality "1"]
[TimeControl "5400+30"]

1. d4 {[%emt 0:02:21]} Nf6 {[%emt 0:00:00]} 2. Bf4 {[%emt 0:04:45]} d5 {[%emt 0:04:17]} 3. Nc3 {[%emt 0:06:01]} e6 {[%emt 0:03:50]} 4. e3 {[%emt 0:00:16]} Bd6 {[%emt 0:01:37]} 5. Bg3 {[%emt 0:02:47]} a6 {[%emt 0:03:52]} 6. Nf3 {[%emt 0:04:59]} b6 {[%emt 0:00:22]} 7. Bd3 {[%emt 0:03:11]} Bb7 {[%emt 0:00:16]} 8. O-O {[%emt 0:00:07]} O-O {[%emt 0:05:28]} 9. Re1 {[%emt 0:07:33]} Nbd7 {[%emt 0:29:15]} 10. e4 {[%emt 0:05:36]} dxe4 {[%emt 0:02:22]} 11. Nxe4 {[%emt 0:00:07]} Nxe4 {[%emt 0:00:25]} 12. Bxe4 {[%emt 0:00:07]} Bxe4 {[%emt 0:00:23]} 13. Rxe4 {[%emt 0:00:07]} Nf6 {[%emt 0:00:10]} 14. Re2 {[%emt 0:02:23]} Bxg3 {[%emt 0:02:51]} 15. hxg3 {[%emt 0:00:04]} Qd6 {[%emt 0:00:05]} 16. c3 {[%emt 0:01:10]} Rfd8 {[%emt 0:00:15]} 17. Qb3 {[%emt 0:01:18]} Qd5 {[%emt 0:04:12]} 18. Re5 {[%emt 0:01:30]} Qxb3 {[%emt 0:01:24]} 19. axb3 {[%emt 0:00:03]} a5 {[%emt 0:00:12]} 20. Kf1 {[%emt 0:00:34]} Kf8 {[%emt 0:00:31]} 1/2-1/2